Datum a čas kvízu
25.5
Celkem bodů
Celkový počet nahraných bodů na tomto kvízu bez doplňovacích otázek.
11.
Pořadí na kvízu
Konečné umístění týmu na tomto kvízu.
Zaznamenané odpovědi
| # | Otázka | Odpověď | Body | Výsledky |
|---|---|---|---|---|
| 1. | Koncem týdne ovlivnila počasí... | Boris | 1 | |
| 2. | Na nedávno odhalené bronzové s... | Alžběta II., princ Filip | 1 | |
| 3. | Slavná americká rocková kapela... | Bon Jovi | 1 | |
| 4. | Londýnský obchodní dům s luxus... | Harrods | 1 | |
| 5. | Minulý týden se náš fotbal dos... | v Ústí nad Labem | 1 | |
| 6. | Může to být alergie, dieta, ne... | lněná | 0 | |
| 7. | Ve zdravých receptech se můžem... | z cukety | 1 | |
| 8. | Asi nepřekvapí, že ve stavu be... | tortilly | 0 | |
| 9. | Tento sirup, kterým lze sladit... | z čekanky | 1 | |
| 10. | Naprostým mistrem v nahrazován... | nedávejte tam nic | 1 |